000 01540cam a22003374a 4500
999 _c329732
_d329732
001 12850961
003 NUST
005 20170518164244.0
008 020711s2003 enka b 001 0 eng
010 _a 2002010918
015 _aGBA3-76649
020 _a0415261635 (hardback)
020 _a0415261643 (pbk.)
035 _a(OCoLC)ocm50184836
040 _aDLC
_cDLC
_dC#P
_dUKM
_dBAKER
_dMUQ
_dNLGGC
_dDLC
042 _apcc
050 0 0 _aHD9715.A2
_bL656 2003
082 0 0 _a624.0683 LOO
_221
084 _a56.49
_2bcl
100 1 _aLoosemore, Martin,
_d1962-
_91153
245 1 0 _aHuman resource management in construction projects :
_bstrategic and operational approaches /
_cMartin Loosemore, Andrew Dainty, and Helen Lingard.
260 _aLondon ;
_aNew York :
_bSpon Press,
_c2003.
300 _axii, 344 p. :
_bill. ;
_c24 cm.
504 _aIncludes bibliographical references (p. [318]-339) and index.
650 0 _aConstruction industry
_xPersonnel management.
_91154
700 1 _aDainty, Andrew.
_91155
700 1 _aLingard, Helen.
_91156
856 4 1 _3Table of contents only
_uhttp://www.loc.gov/catdir/toc/fy0613/2002010918.html
856 4 2 _3Publisher description
_uhttp://www.loc.gov/catdir/enhancements/fy0664/2002010918-d.html
906 _a7
_bcbc
_corignew
_d1
_eecip
_f20
_gy-gencatlg
942 _2ddc
_cBK